Six ghost stories

Saved in:
Bibliographic Details
Main Author: Burton, S. H.
Format: Book
Language:Undetermined
Published: England Pearson Education 2000
Subjects:
Tags: Add Tag
No Tags, Be the first to tag this record!
Institutions: Trung tâm Học liệu Trường Đại học Cần Thơ
LEADER 00509nam a2200205Ia 4500
001 CTU_103200
008 210402s9999 xx 000 0 und d
020 |c 4.76 
082 |a 823.7 
082 |b B974 
100 |a Burton, S. H. 
245 0 |a Six ghost stories 
245 0 |c S. H. Burton 
260 |a England 
260 |b Pearson Education 
260 |c 2000 
650 |a Ghost stories 
650 |z English 
904 |i Năm, Trong Hieu 
980 |a Trung tâm Học liệu Trường Đại học Cần Thơ